000
00262nam a2200109Ia 4500
008
190914s9999||||xx |||||||||||||| ||und||
100
_a
Donald R.Cooper
245
0
_a
Business Research Methods
260
_a
USA
_b
Prentice Hall
_c
2005
300
_a
453
942
_c
BK
999
_c
9165
_d
9165